Name a Valid U.S. President #3 - Statistics

General Stats
  • This quiz has been taken 28,399 times
  • The average score is 12 of 17
Answer Stats
Name a President… # Valid answers ... % Correct
whose father was also President 2 John Quincy Adams | George W. Bush
98%
who served two non-consecutive terms 2 Grover Cleveland | Donald Trump
95%
who lived to at least 90 years old 6 Jimmy Carter | George H. W. Bush | Gerald R. Ford | Ronald Reagan | John Adams | Herbert Hoover
93%
who won at least 90% of the Electoral College vote 8 George Washington | James Monroe | Franklin Roosevelt | Ronald Reagan | Richard Nixon | Thomas Jefferson | Abraham Lincoln | Lyndon B. Johnson
92%
whose middle initial was D 2 Franklin D. Roosevelt | Dwight D. Eisenhower
88%
who was born west of the Mississippi 8 Bill Clinton | Dwight Eisenhower | Gerald R. Ford Herbert Hoover | Lyndon B. Johnson | Richard Nixon | Barack Obama | Harry S. Truman
85%
who was never a senator, general, governor, or Vice President 5 James Buchanan | Abraham Lincoln | William Howard Taft | Herbert Hoover | Donald Trump
85%
whose last name is a city with a population > 100,000 5 Grover Cleveland | Andrew Jackson | Abraham Lincoln | James Madison | George Washington
83%
that is the namesake of one of the 50 busiest airports in the U.S. 3 John F. Kennedy | George H. W. Bush | Ronald Reagan
79%
that is one of the 10 least-guessed answers on the U.S. Presidents quiz 10 Chester A. Arthur | Rutherford B. Hayes | Warren Harding | Millard Fillmore | Franklin Pierce | William McKinley | James Buchanan | Zachary Taylor | Martin Van Buren | John Tyler
75%
who was elected in the 1920s 3 Warren Harding | Calvin Coolidge | Herbert Hoover
74%
who had 3 different Vice Presidents 1 Franklin Roosevelt
61%
who was a pilot 3 Dwight Eisenhower | George H.W. Bush | George W. Bush
52%
who was born in Ohio 7 Ulysses S. Grant | Rutherford B. Hayes | James Garfield | Benjamin Harrison | William McKinley | William Howard Taft | Warren Harding
52%
who wasn't his party's nominee for a second term despite being eligible 7 John Tyler | Millard Fillmore | Franklin Pierce | Andrew Johnson | Chester A. Arthur | Lyndon B. Johnson | Joe Biden
51%
who was 5'6" or shorter 3 James Madison | Martin Van Buren | Benjamin Harrison
41%
who was the leader of a university or college 3 Dwight Eisenhower | James Garfield | Woodrow Wilson
36%
No matching quizzes found
Score Distribution
Percent of People with Each Score
Percentile by Number Answered
Your Score History
You have not taken this quiz